Zur Wirksamkeit der bedingten Verurteilung

Guardado en:  
Detalles Bibliográficos
Autor principal: Dähn, Ulrich (Autor)
Tipo de documento: Print Artículo
Lenguaje:Alemán
Publicado: 1966
En: Staat und Recht
Año: 1966, Número: 7, Páginas: 1176-1181
Verificar disponibilidad: HBZ Gateway
Palabras clave:

MARC

LEADER 00000caa a22000002c 4500
001 1632015811
003 DE-627
005 20220607131854.0
007 tu
008 130527s1966 xx ||||| 00| ||ger c
035 |a (DE-627)1632015811 
035 |a (DE-576)382677315 
035 |a (DE-599)BSZ382677315 
040 |a DE-627  |b ger  |c DE-627  |e rakwb 
041 |a ger 
100 1 |a Dähn, Ulrich  |0 (DE-627)1230661824  |0 (DE-576)16066182X  |4 aut 
109 |a Dähn, Ulrich  |a Dähn-Heuer, ...  |a Dähn, U. 
245 1 0 |a Zur Wirksamkeit der bedingten Verurteilung  |c Ulrich Dähn 
264 1 |c 1966 
336 |a Text  |b txt  |2 rdacontent 
337 |a ohne Hilfsmittel zu benutzen  |b n  |2 rdamedia 
338 |a Band  |b nc  |2 rdacarrier 
773 0 8 |i In  |t Staat und Recht  |d Potsdam : Märkische Verl.- u. Dr.-Ges., 1952  |g (1966), 7, Seite 1176-1181  |w (DE-627)129482986  |w (DE-600)204731-7  |w (DE-576)014866544  |x 0038-8858  |7 nnas 
773 1 8 |g year:1966  |g number:7  |g pages:1176-1181 
951 |a AR 
ELC |b 1 
LOK |0 000 xxxxxcx a22 zn 4500 
LOK |0 001 3283575991 
LOK |0 003 DE-627 
LOK |0 004 1632015811 
LOK |0 005 20140324162120 
LOK |0 008 130527||||||||||||||||ger||||||| 
LOK |0 040   |a DE-21-110  |c DE-627  |d DE-21-110 
LOK |0 689   |a s  |a Strafaussetzung zur Bewährung 
LOK |0 689   |a s  |a Bedingte Verurteilung 
LOK |0 852   |z Kein Bestand am IfK; Nachweis für KrimDok 
LOK |0 852   |a DE-21-110 
LOK |0 852 1  |m v  |9 00 
LOK |0 935   |a k110 
LOK |0 938   |k v 
LOK |0 939   |a 27-05-13  |b l01 
ORI |a SA-MARC-krimdoka001.raw